| Tag |
First Indicator |
Second Indicator |
Subfields |
| LEADER |
00000cam a22000007i 4500 |
| 001 |
in00005771949 |
| 005 |
20260327174535.0 |
| 006 |
m o d |
| 007 |
cr cnu---unuuu |
| 008 |
230512s2023 ne ob 001 0 eng d |
| 040 |
|
|
|a YDX
|b eng
|e rda
|c YDX
|d OPELS
|d YDX
|d N$T
|d OCLCF
|d OCLCO
|d OCLCL
|d SFB
|
| 020 |
|
|
|a 032391327X
|q electronic book
|
| 020 |
|
|
|a 9780323913270
|q (electronic bk.)
|
| 020 |
|
|
|z 9780323911498
|
| 020 |
|
|
|z 0323911498
|
| 035 |
|
|
|a (OCoLC)1378769665
|
| 050 |
|
4 |
|a TP339
|b .B56 2023
|
| 050 |
|
4 |
|a TJ808
|
| 082 |
0 |
4 |
|a 621.042
|2 23/eng/20230522
|
| 049 |
|
|
|a TXAM
|
| 245 |
0 |
0 |
|a Bio-based materials and waste for energy generation and resource management :
|b present and emerging waste management practices /
|c edited by Chaudhery Mustansar Hussain, Anamika Kushwaha, Ram Naresh Bharagava, Lalit Goswami.
|
| 264 |
|
1 |
|a Amsterdam, Netherlands ;
|a Oxford, United Kingdom ;
|a Cambridge MA :
|b Elsevier,
|c [2023]
|
| 300 |
|
|
|a 1 online resource
|
| 336 |
|
|
|a text
|b txt
|2 rdacontent
|
| 337 |
|
|
|a computer
|b c
|2 rdamedia
|
| 338 |
|
|
|a online resource
|b cr
|2 rdacarrier
|
| 490 |
0 |
|
|a Advanced zero waste tools ;
|v 5
|
| 504 |
|
|
|a Includes bibliographical references and index.
|
| 588 |
|
|
|a Description based on online resource; title from digital title page (viewed on June 30, 2023).
|
| 505 |
2 |
|
|a Valorization of water hyacinth: A sustainable route for bioenergy generation and other value-added products / Anamika Kushwaha, Nidhi Hans -- Renewable bio-based materials: A journey towards the development of sustainable ecosystem / Neha Upadhyay, Sumit Tripathi, Mitali Mishra -- Microbial fuel cell for simultaneous wastewater treatment and bioelectricity generation / Roma Agrahari, Priyanka Agarwal, Radha Rani.
|
| 520 |
|
|
|a Bio-Based Materials and Wastes for Energy Generation and Resource Management is the fifth and final volume in the series, Advanced Zero Waste Tools: Present and Emerging Waste Management Practices. It addresses processes and practices for utilizing bio-based materials and wastes to support efforts to promote a more sustainable society and provide readers with a better understanding of the major mechanisms required to achieve zero waste in different fields. This book covers numerous mechanisms supported by scientific evidence and case studies, as well as in-depth flowcharts and process diagrams to allow for readers to adopt these processes. Summarizing present and emerging zero waste tools on the scale of both experimental and theoretical models, Advanced Zero Waste Tools is the first step toward understanding the state-of-the-art practices in making the zero waste goal a reality. In addition to environmental and engineering principles, it also covers economic, toxicologic, and regulatory issues, making it an important resource for researchers, engineers, and policymakers working toward environmental sustainability.
|
| 650 |
|
0 |
|a Biomass energy.
|
| 650 |
|
0 |
|a Renewable energy sources.
|
| 650 |
|
0 |
|a Waste products as fuel.
|
| 650 |
|
0 |
|a Recycling (Waste, etc.)
|
| 650 |
|
6 |
|a Bioénergie.
|
| 650 |
|
6 |
|a Énergies renouvelables.
|
| 650 |
|
6 |
|a Déchets (Combustible)
|
| 650 |
|
6 |
|a Recyclage (Déchets, etc.)
|
| 650 |
|
7 |
|a recycling.
|2 aat
|
| 650 |
|
7 |
|a Biomass energy
|2 fast
|
| 650 |
|
7 |
|a Recycling (Waste, etc.)
|2 fast
|
| 650 |
|
7 |
|a Renewable energy sources
|2 fast
|
| 650 |
|
7 |
|a Waste products as fuel
|2 fast
|
| 650 |
|
7 |
|a Energia de la biomassa.
|2 thub
|
| 650 |
|
7 |
|a Reciclatge de residus.
|2 thub
|
| 650 |
|
7 |
|a Energies renovables.
|2 thub
|
| 655 |
|
7 |
|a Electronic books.
|2 local
|
| 655 |
|
7 |
|a Llibres electrònics.
|2 thub
|
| 700 |
1 |
|
|a Hussain, Chaudhery Mustansar,
|e editor.
|
| 700 |
1 |
|
|a Kushwaha, Anamika,
|e editor.
|
| 700 |
1 |
|
|a Bharagava, Ram Naresh,
|e editor.
|
| 700 |
1 |
|
|a Goswami, Lalit,
|e editor.
|
| 710 |
2 |
|
|a ScienceDirect (Online service)
|
| 776 |
0 |
8 |
|i Print version:
|z 0323911498
|z 9780323911498
|w (OCoLC)1292591051
|
| 856 |
4 |
0 |
|u http://proxy.library.tamu.edu/login?url=https://www.sciencedirect.com/science/book/9780323911498
|z Connect to the full text of this electronic book
|t 0
|
| 955 |
|
|
|a Elsevier ScienceDirect 2026-2027
|
| 994 |
|
|
|a 92
|b TXA
|
| 999 |
f |
f |
|i 3be5b7f7-0dfc-4b86-9464-106796c047e6
|s b849e896-5cea-45e6-8120-d0d439beb1cc
|t 0
|
| 952 |
f |
f |
|a Texas A&M University
|b College Station
|c Electronic Resources
|s www_evans
|d Available Online
|t 0
|e TP339 .B56 2023
|h Library of Congress classification
|
| 998 |
f |
f |
|a TP339 .B56 2023
|t 0
|l Available Online
|